| 000 | 00695nam a2200241Ia 4500 | ||
|---|---|---|---|
| 003 | OSt | ||
| 005 | 20220925210926.0 | ||
| 006 | a|||||r|||| 00| 0 | ||
| 007 | ta | ||
| 008 | 220923b |||||||| |||| 00| 0 eng d | ||
| 037 | _cGeneral Book | ||
| 040 |
_aRTL _cRTL _beng |
||
| 041 |
_2eng _aeng |
||
| 082 | _aX93:92.2.N8, M9 | ||
| 100 |
_aSharma S K _9119927 |
||
| 245 | 0 | _aPerformance appraisal of public enterprises in India | |
| 260 |
_aJaipur _bPrateeksha Publications _c1989 |
||
| 300 |
_aii,241p _ccm. |
||
| 500 | _aBibliography P 238-41 | ||
| 650 | _aPublic Sector Economics | ||
| 942 |
_hX93:92.2.N8, M9 _cGB _2CC |
||
| 999 |
_c556291 _d556291 |
||